Kỹ thuật trồng cây thuốc

Salvato in:
Dettagli Bibliografici
Autore principale: Viện dược liệu
Natura: Libro
Lingua:Undetermined
Pubblicazione: Hà Nội Y học 1976
Soggetti:
Tags: Aggiungi Tag
Nessun Tag, puoi essere il primo ad aggiungerne! !
Thư viện lưu trữ: Trung tâm Học liệu Trường Đại học Cần Thơ
LEADER 00498nam a2200169Ia 4500
001 CTU_13590
008 210402s9999 xx 000 0 und d
082 |a 633.88 
082 |b K600 
100 |a Viện dược liệu 
245 0 |a Kỹ thuật trồng cây thuốc 
245 0 |c Viện dược liệu 
260 |a Hà Nội 
260 |b Y học 
260 |c 1976 
650 |a botany, medical,medicinal plants 
980 |a Trung tâm Học liệu Trường Đại học Cần Thơ